[Event "BL 8283 HSK-Bamberg"]
[Site "?"]
[Date "1983.??.??"]
[Round "?.2"]
[White "Chandler, M."]
[Black "Kestler, H."]
[Result "1-0"]
[WhiteElo "2505"]
[BlackElo "2395"]
[PlyCount "54"]
[EventDate "1983.??.??"]

1. e4 c5 2. Nf3 Nc6 3. d4 cxd4 4. Nxd4 Nf6 5. Nc3 d6 6. Bg5 e6 7. Qd2 Be7 8.
O-O-O O-O 9. f4 e5 10. Nf5 Bxf5 11. exf5 Rc8 12. g4 exf4 13. Bxf4 Nxg4 14. Nd5
Nf6 15. Nxe7+ Nxe7 16. Rg1 Nxf5 17. Bd3 Qd7 18. Qg2 Ne8 19. Qh3 Rc5 20. Rg5 g6
21. Bxf5 Rxf5 22. Rxf5 Qxf5 23. Qxf5 gxf5 24. Bh6 f6 25. Bxf8 Kxf8 26. Rd5 Ke7
27. Rxf5 Ng7 1-0

[Event "BL 8283 HSK-Bamberg"]
[Site "?"]
[Date "1983.??.??"]
[Round "?.3"]
[White "Bartsch, B."]
[Black "Reefschlaeger, H."]
[Result "0-1"]
[WhiteElo "2265"]
[BlackElo "2380"]
[PlyCount "64"]
[EventDate "1983.??.??"]

1. e4 e6 2. Qe2 c5 3. g3 Nc6 4. Bg2 g6 5. d3 Bg7 6. c3 Nge7 7. h4 h5 8. Nh3 d5
9. O-O b6 10. f4 O-O 11. g4 hxg4 12. Qxg4 Ba6 13. h5 Bxd3 14. hxg6 Bxf1 15.
Bxf1 Nxg6 16. Ng5 Qd7 17. Qh5 Rfd8 18. e5 Nce7 19. Nd2 Nf5 20. Ndf3 Bh6 21. Bd3
Kg7 22. Nh3 Rh8 23. Kf2 Rag8 24. Qg4 Kf8 25. Nhg5 Bxg5 26. fxg5 Nfh4 27. Bf1
Nxf3 28. Qxf3 Nxe5 29. Qg3 Ng6 30. Bd2 e5 31. Re1 Qf5+ 32. Kg1 Rh4 0-1

[Event "BL 8283 HSK-Bamberg"]
[Site "?"]
[Date "1983.??.??"]
[Round "?.5"]
[White "Ruehrig, V."]
[Black "Hess, C."]
[Result "1-0"]
[WhiteElo "2300"]
[BlackElo "2235"]
[PlyCount "55"]
[EventDate "1983.??.??"]

1. e4 c5 2. Nf3 d6 3. d4 cxd4 4. Nxd4 Nf6 5. Nc3 a6 6. Bg5 e6 7. f4 Qc7 8. Bxf6
gxf6 9. Be2 Nc6 10. Bh5 Qb6 11. Nxc6 Qe3+ 12. Qe2 Qxe2+ 13. Nxe2 bxc6 14. O-O-O
Rg8 15. g3 a5 16. Rhe1 Rb8 17. Nd4 Bd7 18. e5 fxe5 19. fxe5 d5 20. Rf1 Bh6+ 21.
Kb1 Rg5 22. Bxf7+ Ke7 23. Bxe6 Bxe6 24. Nxc6+ Kd7 25. Nxb8+ Kc7 26. Na6+ Kb6
27. Rf6 Rg6 28. Rxd5 1-0

[Event "BL 8283 Lasker-Erlangen"]
[Site "?"]
[Date "1983.??.??"]
[Round "?.1"]
[White "Feustel, B."]
[Black "Wockenfuss, K."]
[Result "1/2-1/2"]
[WhiteElo "2360"]
[BlackElo "2390"]
[PlyCount "92"]
[EventDate "1983.??.??"]

1. g3 g6 2. Bg2 Bg7 3. c4 c6 4. Nc3 Nf6 5. e4 d6 6. Nge2 O-O 7. O-O e5 8. b3 a5
9. d3 Na6 10. h3 Nc7 11. Be3 Qe7 12. Qd2 Ne6 13. f4 Nd7 14. f5 Nd4 15. g4 Nc5
16. Rf2 Bd7 17. Raf1 f6 18. Nxd4 exd4 19. Bxd4 g5 20. Bf3 Be8 21. Ne2 Bf7 22.
Ng3 Rfe8 23. Bb2 Nd7 24. d4 a4 25. Bc3 axb3 26. axb3 Ra3 27. Qb2 Rea8 28. Bb4
R3a6 29. Bc3 Rb6 30. Be2 Rba6 31. Bd3 c5 32. Re1 cxd4 33. Bxd4 Ne5 34. Bf1 Ra2
35. Qc3 Bf8 36. Rxa2 Rxa2 37. Re2 Ra3 38. Rf2 Qc7 39. Nh5 Be7 40. Qb2 Ra8 41.
Be2 Qc6 42. Ng3 Bd8 43. Rf1 Bb6 44. Rd1 Kf8 45. Kf2 Bc5 46. Bxc5 dxc5 1/2-1/2

[Event "BL 8283 Lasker-Erlangen"]
[Site "?"]
[Date "1983.??.??"]
[Round "?.2"]
[White "Paulsen, D."]
[Black "Heidrich, M."]
[Result "0-1"]
[WhiteElo "2330"]
[BlackElo "2225"]
[PlyCount "96"]
[EventDate "1983.??.??"]

1. d4 f5 2. c4 g6 3. Nc3 Nf6 4. e4 fxe4 5. h4 d6 6. h5 Nxh5 7. Rxh5 gxh5 8.
Qxh5+ Kd7 9. Be2 c6 10. d5 Kc7 11. dxc6 Nxc6 12. Nd5+ Kb8 13. Bd2 Bg7 14. O-O-O
Qf8 15. Nh3 Bf5 16. Bg4 e6 17. Ne3 Bg6 18. Qb5 Qe7 19. Nf4 Bf7 20. Qb3 h5 21.
Bh3 Nd4 22. Qa3 Bh6 23. Bb4 Bxf4 24. Rxd4 Rd8 25. Rxe4 Bh6 26. Kd1 Qd7 27. Rd4
Bf8 28. c5 a5 29. Bc3 Qc7 30. Ke1 d5 31. Rd1 Bxc5 32. Qa4 e5 33. Bd2 d4 34. Nc4
Bb4 35. Na3 Qc6 36. Qb5 Qxb5 37. Nxb5 Bxa2 38. Rc1 Ra6 39. Nc7 Rc6 40. Rxc6
Bxd2+ 41. Kxd2 bxc6 42. Na6+ Ka7 43. Nc5 Bd5 44. Nd7 e4 45. Nf6 h4 46. Nh5 Rh8
47. Nf4 Rf8 48. g3 hxg3 0-1

[Event "BL 8283 Bamberg-Lasker"]
[Site "?"]
[Date "1983.??.??"]
[Round "?.1"]
[White "Wockenfuss, K."]
[Black "Backwinkel, P."]
[Result "1/2-1/2"]
[WhiteElo "2390"]
[BlackElo "2305"]
[PlyCount "85"]
[EventDate "1983.??.??"]

1. g3 d5 2. Bg2 Nf6 3. d4 c6 4. Nf3 Bf5 5. O-O Nbd7 6. c4 e6 7. Nc3 dxc4 8. Nh4
Bg4 9. Qc2 Be7 10. e4 O-O 11. h3 Bh5 12. Be3 Nb6 13. f4 Ne8 14. Nf3 Bxf3 15.
Bxf3 f5 16. Bf2 Qd7 17. Rad1 Nf6 18. a3 Rad8 19. Rfe1 Rfe8 20. Re2 Bf8 21. Rde1
g6 22. Kg2 Bg7 23. Kh2 Kh8 24. Bg2 Qf7 25. a4 Nc8 26. exf5 exf5 27. Rxe8+ Rxe8
28. Rxe8+ Qxe8 29. d5 cxd5 30. Nxd5 Ne4 31. Bg1 Ned6 32. b3 cxb3 33. Qxb3 Qe2
34. Nc7 b6 35. Nb5 Qc4 36. Qd1 Nxb5 37. axb5 h5 38. Qd7 Kh7 39. h4 Kh6 40. Kh1
Qc3 41. Bc6 Qxg3 42. Qxc8 Qh3+ 43. Bh2 1/2-1/2

[Event "BL 8283 Bamberg-Lasker"]
[Site "?"]
[Date "1983.??.??"]
[Round "?.2"]
[White "Kestler, H."]
[Black "Paulsen, D."]
[Result "0-1"]
[WhiteElo "2395"]
[BlackElo "2330"]
[PlyCount "50"]
[EventDate "1983.??.??"]

1. c4 e5 2. Nc3 Nc6 3. g3 f5 4. Bg2 Nf6 5. d3 d6 6. Nf3 h6 7. Rb1 g5 8. b4 Bg7
9. b5 Ne7 10. Qb3 f4 11. Bb2 Nf5 12. Ne4 Qe7 13. Nfd2 O-O 14. Nxf6+ Bxf6 15.
c5+ Kh8 16. cxd6 cxd6 17. O-O g4 18. Rbc1 fxg3 19. hxg3 Bg5 20. Rcd1 Nxg3 21.
fxg3 Be3+ 22. Kh1 Be6 23. Qb4 Qg5 24. Bh3 Qh5 25. Bxe5+ Kg8 0-1

[Event "BL 8283 Erlangen-HSK"]
[Site "?"]
[Date "1983.??.??"]
[Round "?.5"]
[White "Gruenberg, Ra"]
[Black "Roeder, F."]
[Result "1/2-1/2"]
[WhiteElo "2315"]
[BlackElo "2275"]
[PlyCount "99"]
[EventDate "1983.??.??"]

1. d4 Nf6 2. c4 e5 3. dxe5 Ng4 4. Nf3 Nc6 5. Bg5 Be7 6. Bf4 Bb4+ 7. Nbd2 Qe7 8.
a3 Ngxe5 9. Nxe5 Nxe5 10. e3 Bxd2+ 11. Qxd2 d6 12. Be2 b6 13. Bxe5 dxe5 14. Bf3
Rb8 15. Bc6+ Bd7 16. Bxd7+ Qxd7 17. Qxd7+ Kxd7 18. O-O-O+ Ke6 19. Rd5 Rhd8 20.
Rhd1 Rd6 21. Kc2 Rbd8 22. e4 h5 23. R1d3 g6 24. Rg3 c6 25. Rxd6+ Rxd6 26. c5
bxc5 27. Rc3 Rd4 28. Rxc5 Rxe4 29. Rxc6+ Kd7 30. Rf6 Ke7 31. Rf3 Re2+ 32. Kc3
e4 33. Rf4 g5 34. Rf5 f6 35. h3 Ke6 36. g4 e3 37. Kd3 Rxf2 38. Rxf2 exf2 39.
Ke2 hxg4 40. hxg4 f5 41. gxf5+ Kxf5 42. Kxf2 Ke4 43. Kg3 Kd3 44. Kg4 Kc4 45.
Kxg5 Kb3 46. Kf4 Kxb2 47. a4 a5 48. Ke3 Kb3 49. Kd2 Kxa4 50. Kc2 1/2-1/2

[Event "BL 8283 Erlangen-HSK"]
[Site "?"]
[Date "1983.??.??"]
[Round "?.6"]
[White "Tischer, G."]
[Black "Hess, C."]
[Result "0-1"]
[WhiteElo "2275"]
[BlackElo "2235"]
[PlyCount "106"]
[EventDate "1983.??.??"]

1. d4 Nf6 2. c4 c5 3. d5 b5 4. cxb5 a6 5. bxa6 Bxa6 6. Nc3 d6 7. e4 Bxf1 8.
Kxf1 g6 9. Nf3 Bg7 10. h3 O-O 11. Kg1 Na6 12. Kh2 Qb6 13. Qe2 Nb4 14. Rd1 Rfb8
15. Kg1 Qa6 16. Qxa6 Rxa6 17. Bg5 h6 18. Bh4 g5 19. Bg3 Nh5 20. Bh2 Nc2 21.
Rab1 Rab6 22. e5 Nf4 23. Bxf4 gxf4 24. b3 dxe5 25. Na4 Rb4 26. Rbc1 Nd4 27.
Rxc5 Nf5 28. Ne1 e4 29. Nc2 R4b7 30. Rc4 Nd6 31. Rc6 Ra7 32. Nd4 Rb4 33. Ne2 f3
34. gxf3 exf3 35. Ng3 Be5 36. Rd3 Rf4 37. Re3 f6 38. Rc2 Ra5 39. Rd2 Kf7 40.
Rdd3 Rh4 41. Rxf3 Rxh3 42. Kg2 Rh4 43. Rfe3 Rg4 44. Kf3 Rg8 45. Ne4 Nf5 46. Re1
Nh4+ 47. Ke2 Rg4 48. Nec5 Ng2 49. Kd2 Nxe1 50. Kxe1 Bd4 51. b4 Bxc5 52. Nxc5
Rxa2 53. Rb3 Rg1# 0-1

[Event "BL 8283 Erlangen-HSK"]
[Site "?"]
[Date "1983.??.??"]
[Round "?.8"]
[White "Hommel, G."]
[Black "Schroeder, C."]
[Result "1-0"]
[WhiteElo "2240"]
[BlackElo "2230"]
[PlyCount "95"]
[EventDate "1983.??.??"]

1. e4 c5 2. Nf3 d6 3. c3 Nf6 4. e5 dxe5 5. Nxe5 Nbd7 6. Nc4 e6 7. d4 Qc7 8. Be2
Be7 9. O-O O-O 10. Bg5 Nb6 11. Ne5 Nfd5 12. Bxe7 Qxe7 13. a4 cxd4 14. Qxd4 f6
15. Nd3 Nc7 16. Qc5 Qxc5 17. Nxc5 Nd7 18. Ne4 f5 19. Nd6 Ne8 20. Nb5 Kf7 21.
Bc4 Kf6 22. Rd1 a6 23. Nd6 Ke7 24. Nxe8 Rxe8 25. Nd2 Nf6 26. Nf3 Bd7 27. Ne5
Rad8 28. f3 Bc8 29. Kf2 Nd7 30. Nxd7 Rxd7 31. Rxd7+ Bxd7 32. a5 Bc6 33. Rd1 e5
34. g3 g5 35. h4 gxh4 36. gxh4 Rd8 37. Rxd8 Kxd8 38. Bd3 Bd7 39. f4 Ke7 40. Ke3
Kd6 41. b4 h6 42. c4 Ke6 43. Be2 Bc6 44. b5 axb5 45. cxb5 Be4 46. a6 bxa6 47.
bxa6 Bc6 48. fxe5 1-0

[Event "BL 8283 Bochum-Delmenhorst"]
[Site "?"]
[Date "1983.??.??"]
[Round "?.1"]
[White "Juhnke, K."]
[Black "Schussler, H."]
[Result "1/2-1/2"]
[WhiteElo "2320"]
[BlackElo "2495"]
[PlyCount "113"]
[EventDate "1983.??.??"]

1. d4 Nf6 2. c4 c5 3. d5 a6 4. a4 e5 5. Nc3 d6 6. e4 Be7 7. Bd3 O-O 8. h3 Nbd7
9. g4 Ne8 10. Nf3 g6 11. Bh6 Ng7 12. Qe2 Nf6 13. O-O-O Bd7 14. Nd2 Qa5 15. Bc2
Rfe8 16. Rdg1 Kh8 17. Be3 Rab8 18. h4 h5 19. f3 Bc8 20. g5 Nd7 21. Rf1 Qc7 22.
f4 exf4 23. Bxf4 Bf8 24. Qf2 Kg8 25. e5 Nxe5 26. Bxe5 Rxe5 27. Bxg6 Nf5 28.
Bxh5 b5 29. axb5 axb5 30. cxb5 Bg7 31. Nc4 Re7 32. b6 Rxb6 33. Nxb6 Qxb6 34.
Rh3 Bd4 35. Qf4 Rb7 36. Rf2 Qa6 37. Kb1 Bxf2 38. Qxf2 Ra7 39. Kc1 Nd4 40. Rf3
Qa1+ 41. Nb1 Nxf3 42. Qxf3 Re7 43. Qf6 Qa7 44. g6 fxg6 45. Qxg6+ Kf8 46. Qf6+
Kg8 47. Qg6+ Rg7 48. Qe8+ Kh7 49. Qxc8 Rg1+ 50. Bd1 Qa4 51. Qf5+ Kg7 52. Qg5+
Rxg5 53. Bxa4 Rxd5 54. Bc2 Rd4 55. h5 Rh4 56. Bg6 Kf6 57. Nc3 1/2-1/2

[Event "BL 8283 Bochum-Delmenhorst"]
[Site "?"]
[Date "1983.??.??"]
[Round "?.2"]
[White "Borik, O."]
[Black "Meyer, CD."]
[Result "1/2-1/2"]
[WhiteElo "2380"]
[BlackElo "2365"]
[PlyCount "60"]
[EventDate "1983.??.??"]

1. d4 Nf6 2. c4 d6 3. Nc3 e5 4. Nf3 Nbd7 5. e4 Be7 6. Be2 O-O 7. O-O c6 8. a3
a5 9. b3 Re8 10. Bb2 Bf8 11. Qc2 exd4 12. Nxd4 Nc5 13. f3 Ne6 14. Rfd1 Nxd4 15.
Rxd4 Nd7 16. Kh1 Nc5 17. b4 axb4 18. axb4 Rxa1+ 19. Bxa1 Ne6 20. Rd1 Nf4 21.
Bf1 Nh5 22. Qf2 Qe7 23. Bb2 Be6 24. Ra1 Nf6 25. Ra7 Bc8 26. b5 Qd8 27. Ra1 Nd7
28. Rd1 Qa5 29. Ra1 Qd8 30. Rd1 Qa5 1/2-1/2

[Event "BL 8283 Bochum-Delmenhorst"]
[Site "?"]
[Date "1983.??.??"]
[Round "?.3"]
[White "Hermann, Man"]
[Black "Budde, V."]
[Result "1/2-1/2"]
[WhiteElo "2365"]
[BlackElo "2335"]
[PlyCount "115"]
[EventDate "1983.??.??"]

1. e4 c5 2. c3 d6 3. d4 Nf6 4. dxc5 Nc6 5. Nd2 dxc5 6. Ngf3 g6 7. Bc4 Bg7 8.
O-O O-O 9. Qe2 Nd7 10. Bb3 Rb8 11. a4 a6 12. Nb1 Na5 13. Bc2 c4 14. Bg5 h6 15.
Bh4 Re8 16. e5 Nf8 17. Nbd2 Bg4 18. h3 Bxf3 19. Nxf3 Qb6 20. Nd4 Qxb2 21. Qe3
Qb6 22. Rab1 Qc5 23. f4 Rbd8 24. Bf2 e6 25. Be4 Qc8 26. Qf3 Rd7 27. Rb6 Rc7 28.
Rfb1 Ree7 29. Bh4 Red7 30. Bf2 Qe8 31. g4 Qe7 32. Bg3 Qc5 33. Bf2 Qe7 34. Bg3
Rxd4 35. cxd4 c3 36. d5 exd5 37. Bxd5 c2 38. Rc1 Nc4 39. Bxc4 Qc5+ 40. Bf2 Qxc4
41. Rxb7 Rxb7 42. Qxb7 Qxf4 43. Rxc2 Bxe5 44. Qb3 Qh2+ 45. Kf1 Qh1+ 46. Bg1 Ne6
47. Qe3 Bd4 48. Qg3 Bxg1 49. Qxg1 Qxh3+ 50. Qg2 Qb3 51. Qe4 Kh7 52. Rc4 Ng5 53.
Qf4 Qd1+ 54. Kg2 Qd5+ 55. Kf1 Qd3+ 56. Ke1 Nf3+ 57. Kf2 Ne5 58. Rc5 1/2-1/2

[Event "BL 8283 Solingen-Enger"]
[Site "?"]
[Date "1983.??.??"]
[Round "?.1"]
[White "Gruen, G."]
[Black "Spassky, B."]
[Result "1/2-1/2"]
[WhiteElo "2285"]
[BlackElo "2610"]
[PlyCount "44"]
[EventDate "1983.??.??"]

1. d4 Nf6 2. Nf3 g6 3. c4 Bg7 4. Nc3 O-O 5. e4 d6 6. Be2 Bg4 7. Be3 Nc6 8. Ng1
Bd7 9. d5 Ne5 10. h3 Be8 11. Qd2 c6 12. f4 Ned7 13. Nf3 cxd5 14. exd5 Nc5 15.
O-O Rc8 16. Rfe1 Bd7 17. Nd4 Nfe4 18. Nxe4 Nxe4 19. Qd3 Nc5 20. Qd2 Ne4 21. Qd3
Nc5 22. Qd2 Ne4 1/2-1/2

[Event "BL 8283 Solingen-Enger"]
[Site "?"]
[Date "1983.??.??"]
[Round "?.2"]
[White "Hecht, H."]
[Black "Fleck, J."]
[Result "1/2-1/2"]
[WhiteElo "2455"]
[BlackElo "2365"]
[PlyCount "41"]
[EventDate "1983.??.??"]

1. c4 g6 2. Nc3 Bg7 3. g3 f5 4. e4 Bxc3 5. dxc3 fxe4 6. Bg2 Nf6 7. Qe2 d5 8.
cxd5 Qxd5 9. f3 Bf5 10. Bh6 Nbd7 11. fxe4 Bxe4 12. Rd1 Qh5 13. Bxe4 Qxe2+ 14.
Nxe2 Nxe4 15. Nd4 Ndc5 16. O-O O-O-O 17. Rde1 Nd6 18. Rxe7 Rde8 19. Rfe1 Nd3
20. Rxe8+ Rxe8 21. Rxe8+ 1/2-1/2

[Event "BL 8283 Solingen-Enger"]
[Site "?"]
[Date "1983.??.??"]
[Round "?.3"]
[White "Kunsztowicz, U."]
[Black "Lau, R."]
[Result "0-1"]
[WhiteElo "2350"]
[BlackElo "2415"]
[PlyCount "76"]
[EventDate "1983.??.??"]

1. d4 Nf6 2. c4 e6 3. g3 c5 4. d5 exd5 5. cxd5 d6 6. Nc3 g6 7. Bg2 Bg7 8. Nf3
O-O 9. O-O a6 10. a4 Nbd7 11. Nd2 Re8 12. Nc4 Nb6 13. Na3 Bd7 14. Qb3 Nxa4 15.
Nxa4 b5 16. Nc3 b4 17. Nc4 bxc3 18. Nxd6 Rb8 19. Qa3 cxb2 20. Bxb2 Rxe2 21.
Rab1 Rexb2 22. Rxb2 Rxb2 23. Qxb2 Ne8 24. Nb7 Bxb2 25. Nxd8 c4 26. Nc6 c3 27.
Nd4 a5 28. Re1 Kf8 29. Bf1 a4 30. Bd3 Nd6 31. Kf1 a3 32. Bb1 Nb5 33. Nc6 a2 34.
Bxa2 c2 35. Ne5 Bxe5 36. Bb3 Bh3+ 37. Ke2 Nd4+ 38. Kd2 Nf3+ 0-1

[Event "BL 8283 Solingen-Enger"]
[Site "?"]
[Date "1983.??.??"]
[Round "?.4"]
[White "Borngaesser, R."]
[Black "Clemens, C."]
[Result "1/2-1/2"]
[WhiteElo "2320"]
[BlackElo "2380"]
[PlyCount "150"]
[EventDate "1983.??.??"]

1. e4 d5 2. exd5 Nf6 3. d4 Nxd5 4. Nf3 Bg4 5. c3 e6 6. Qb3 Nb6 7. Nbd2 N8d7 8.
a4 a5 9. Bd3 Be7 10. O-O Bh5 11. Re1 O-O 12. Qb5 Bg6 13. Bxg6 hxg6 14. Ne4 Nf6
15. Nc5 Ra7 16. b3 Nbd5 17. Bb2 c6 18. Qe2 Nf4 19. Qe3 b6 20. Qxf4 bxc5 21.
dxc5 Bxc5 22. b4 Qb6 23. Ng5 axb4 24. Qh4 Rd8 25. cxb4 Qxb4 26. Qxb4 Bxb4 27.
Rec1 Ra6 28. h3 Kf8 29. Rc4 Be7 30. Nf3 Nd5 31. Rac1 Nb4 32. Ne5 c5 33. Ra1 Nd3
34. Nxd3 Rxd3 35. Bc3 Rxc3 36. Rxc3 Bf6 37. Rac1 Bxc3 38. Rxc3 Ra5 39. Rc4 Ke7
40. Kf1 Kd6 41. Ke2 Kd5 42. Kd3 e5 43. f4 f6 44. fxe5 fxe5 45. Re4 Ra6 46. Rc4
Rb6 47. Rg4 Rb3+ 48. Kc2 Rb6 49. Kd3 Rb3+ 50. Kc2 Rb6 51. Kd3 Ra6 52. Re4 Rc6
53. Rc4 g5 54. Rg4 c4+ 55. Kc3 g6 56. Rxg5 Rb6 57. h4 Rb3+ 58. Kc2 Kd4 59. Rxg6
e4 60. h5 e3 61. h6 Rc3+ 62. Kd1 Ra3 63. h7 Ra1+ 64. Ke2 Rh1 65. Rd6+ Kc5 66.
Rd7 Kc6 67. Rg7 c3 68. Rg8 Rxh7 69. Rc8+ Kd5 70. Rxc3 Ra7 71. Rd3+ Kc5 72. Ra3
Rg7 73. Kf3 Kb4 74. Ra1 e2 75. g4 Kc3 1/2-1/2

[Event "BL 8283 Solingen-Enger"]
[Site "?"]
[Date "1983.??.??"]
[Round "?.7"]
[White "Markmann, U."]
[Black "Bilek, M."]
[Result "1/2-1/2"]
[WhiteElo "2225"]
[BlackElo "2305"]
[PlyCount "82"]
[EventDate "1983.??.??"]

1. d4 e6 2. c4 Bb4+ 3. Nc3 c5 4. e3 Nf6 5. Bd3 O-O 6. Nge2 d5 7. O-O dxc4 8.
Bxc4 Nc6 9. a3 cxd4 10. exd4 Bd6 11. h3 Qa5 12. Qd3 Ne7 13. Nb5 Bb8 14. Bd2 Qb6
15. Bg5 Ned5 16. Nbc3 Bd7 17. Nxd5 exd5 18. Ba2 Bb5 19. Qf3 Qd6 20. g3 Ne4 21.
Be3 Qa6 22. Rfe1 Bc4 23. Bxc4 Qxc4 24. Kg2 Bd6 25. Bf4 Rad8 26. Rec1 Qa4 27.
Bxd6 Rxd6 28. Nc3 Nxc3 29. Qxc3 Rc6 30. Qd2 Rfc8 31. Rxc6 Qxc6 32. Re1 g6 33.
Qe3 Qf6 34. Qe5 Kg7 35. Qxf6+ Kxf6 36. Re2 Rc4 37. Rd2 Kf5 38. Kf3 h5 39. Ke3
Rc1 40. Kf3 a5 41. Re2 Kf6 1/2-1/2

[Event "BL 8283 Delmenhorst-Solingen"]
[Site "?"]
[Date "1983.??.??"]
[Round "?.1"]
[White "Spassky, B."]
[Black "Juhnke, K."]
[Result "1-0"]
[WhiteElo "2610"]
[BlackElo "2320"]
[PlyCount "69"]
[EventDate "1983.??.??"]

1. Nf3 Nf6 2. c4 g6 3. Nc3 Bg7 4. d4 O-O 5. e4 d6 6. Be2 e5 7. d5 a5 8. h3 Na6
9. Bg5 h6 10. Be3 Nc5 11. Nd2 Ne8 12. g4 f5 13. exf5 gxf5 14. Qc2 Ne6 15. dxe6
f4 16. Bc5 dxc5 17. Nde4 f3 18. Bd3 b6 19. h4 Bxe6 20. O-O-O Qe7 21. g5 Qf7 22.
Kb1 Qf4 23. Rdg1 Rd8 24. gxh6 Qxh6 25. Nd5 Bxd5 26. cxd5 Nd6 27. Ng5 Rd7 28.
Ne6 Rf6 29. h5 Re7 30. Rg3 Kh8 31. Rhg1 Ne8 32. Bb5 Rfxe6 33. dxe6 Nd6 34. Bc6
Qxe6 35. Rg6 1-0

[Event "BL 8283 Delmenhorst-Solingen"]
[Site "?"]
[Date "1983.??.??"]
[Round "?.2"]
[White "Hermann, Man"]
[Black "Hecht, H."]
[Result "1/2-1/2"]
[WhiteElo "2365"]
[BlackElo "2455"]
[PlyCount "58"]
[EventDate "1983.??.??"]

1. e4 e5 2. Nf3 Nc6 3. d4 exd4 4. Nxd4 Bc5 5. Nxc6 Qf6 6. f4 Qxc6 7. Nc3 a6 8.
Bd3 Ne7 9. Qh5 Bd4 10. Bd2 d6 11. Nd5 Qd7 12. O-O-O c6 13. Nxe7 Qxe7 14. c3 Bb6
15. Rhe1 Be6 16. e5 O-O-O 17. f5 dxe5 18. fxe6 Rxd3 19. exf7 Rd7 20. Rf1 Rf8
21. Qxh7 e4 22. Bf4 e3 23. Rxd7 Qxd7 24. Rd1 Qxf7 25. Qh3+ Qf5 26. Qxf5+ Rxf5
27. Bg3 Bc7 28. Bxc7 Kxc7 29. Re1 Rf2 1/2-1/2

[Event "BL 8283 Enger-Bochum"]
[Site "?"]
[Date "1983.??.??"]
[Round "?.1"]
[White "Schussler, H."]
[Black "Gruen, G."]
[Result "1/2-1/2"]
[WhiteElo "2495"]
[BlackElo "2285"]
[PlyCount "53"]
[EventDate "1983.??.??"]

1. d4 Nf6 2. Nf3 e6 3. c4 b6 4. a3 d5 5. cxd5 exd5 6. Nc3 Be7 7. Bf4 O-O 8. e3
c5 9. Be2 Be6 10. O-O Ne4 11. Rc1 Nxc3 12. Rxc3 c4 13. Qb1 Nd7 14. Ne5 Nxe5 15.
Bxe5 f6 16. Bf4 Bd6 17. Bxd6 Qxd6 18. e4 b5 19. Bf3 f5 20. e5 Qb6 21. Rd1 a5
22. b4 axb4 23. Qxb4 Ra4 24. Qe7 Ra7 25. Qb4 Ra4 26. Qe7 Ra7 27. Qb4 1/2-1/2

[Event "BL 8283 Enger-Bochum"]
[Site "?"]
[Date "1983.??.??"]
[Round "?.2"]
[White "Fleck, J."]
[Black "Borik, O."]
[Result "1/2-1/2"]
[WhiteElo "2365"]
[BlackElo "2380"]
[PlyCount "106"]
[EventDate "1983.??.??"]

1. e4 c6 2. d4 d5 3. e5 Bf5 4. Nc3 h5 5. Be2 e6 6. Bxh5 c5 7. Be2 cxd4 8. Nb5
Qa5+ 9. Kf1 Nc6 10. Nf3 d3 11. Bxd3 Bg4 12. Qe1 Bxf3 13. Qxa5 Nxa5 14. Nc7+ Kd7
15. Nxa8 Be4 16. Be3 Bxd3+ 17. cxd3 Nc6 18. Rc1 b6 19. Ke2 d4 20. Rxc6 Kxc6 21.
Rc1+ Kb7 22. Bxd4 Ne7 23. Rc7+ Kxa8 24. Rd7 Ng6 25. Rxf7 Rxh2 26. g4 Rg2 27.
Kf3 Rg1 28. a4 Bc5 29. Rxg7 Nh4+ 30. Ke4 Bxd4 31. Kxd4 Ra1 32. b3 Nf3+ 33. Ke4
Nd2+ 34. Ke3 Nxb3 35. f4 Nc5 36. f5 Re1+ 37. Kd4 Rd1 38. f6 Rxd3+ 39. Kc4 Rf3
40. g5 a6 41. g6 Rf4+ 42. Kc3 Ne4+ 43. Kc2 Rf2+ 44. Kd1 Nxf6 45. Rf7 Ne4 46. g7
Rg2 47. a5 bxa5 48. Rf8+ Kb7 49. g8=Q Rxg8 50. Rxg8 Kc6 51. Rd8 Nc5 52. Rd6+
Kb5 53. Kc2 Kc4 1/2-1/2

[Event "BL 8283 Enger-Bochum"]
[Site "?"]
[Date "1983.??.??"]
[Round "?.3"]
[White "Budde, V."]
[Black "Kunsztowicz, U."]
[Result "0-1"]
[WhiteElo "2335"]
[BlackElo "2350"]
[PlyCount "96"]
[EventDate "1983.??.??"]

1. d4 c5 2. d5 Nf6 3. c4 d6 4. Nc3 g6 5. e4 Bg7 6. Nf3 O-O 7. Be2 e6 8. O-O
exd5 9. cxd5 Re8 10. Nd2 Na6 11. Kh1 Nc7 12. a4 b6 13. f3 Rb8 14. Nc4 Ba6 15.
Bf4 Bxc4 16. Bxc4 Nh5 17. Be3 Be5 18. g3 Qd7 19. g4 Nf6 20. Nb5 Na8 21. Nc3 Nc7
22. Qd3 h5 23. g5 Qh3 24. Rf2 Nd7 25. Ne2 Bg7 26. Ng1 Qh4 27. f4 a6 28. Nf3 Qh3
29. Ng1 Qh4 30. Qc2 Nf8 31. Be2 Nxd5 32. exd5 Rxe3 33. Bxa6 Rbe8 34. Bf1 R8e4
35. f5 Qxg5 36. Bg2 Rb4 37. f6 Bxf6 38. Qc1 Reb3 39. Qf1 Nh7 40. Nh3 Qh4 41.
Ra2 Re3 42. a5 bxa5 43. Rxa5 Rxb2 44. Ra8+ Kg7 45. Ra7 Rxf2 46. Nxf2 Qf4 47.
Nh3 Qe5 48. Ng1 Re1 0-1

[Event "BL 8283 Enger-Bochum"]
[Site "?"]
[Date "1983.??.??"]
[Round "?.4"]
[White "Clemens, C."]
[Black "Bachmann, K."]
[Result "1-0"]
[WhiteElo "2380"]
[BlackElo "2295"]
[PlyCount "103"]
[EventDate "1983.??.??"]

1. g3 c5 2. Bg2 g6 3. e4 Nc6 4. d3 Bg7 5. f4 e6 6. Nf3 Nge7 7. c3 O-O 8. O-O d5
9. e5 f6 10. exf6 Bxf6 11. Re1 Qd6 12. Qe2 Bg7 13. Na3 Bd7 14. Be3 b6 15. Bf2
Rae8 16. d4 c4 17. Nc2 b5 18. a3 a5 19. Ne3 Nf5 20. Ng4 Nh6 21. Nge5 Nf7 22. h4
Qe7 23. Bh3 Ncxe5 24. dxe5 Rb8 25. h5 g5 26. Be3 Bh6 27. Kh1 Kh8 28. Rad1 Rg8
29. Bg2 gxf4 30. gxf4 Rg3 31. Qf2 Rbg8 32. Ng5 Rxe3 33. Qxe3 Nxg5 34. fxg5 Rxg5
35. Qh3 Be8 36. Bf3 Qf7 37. Rg1 Rxe5 38. Rdf1 Qf5 39. Qxf5 Rxf5 40. Bg4 Re5 41.
Re1 Rg5 42. Bxe6 Rxh5+ 43. Kg2 Rg5+ 44. Kf2 Rxg1 45. Rxg1 Bg6 46. Bxd5 Bg7 47.
Rg3 Bd3 48. Re3 h6 49. Re8+ Kh7 50. Rb8 b4 51. axb4 axb4 52. Rxb4 1-0

[Event "BL 8283 Frankfurt-Porz"]
[Site "?"]
[Date "1983.??.??"]
[Round "?.1"]
[White "Hort, V."]
[Black "Podzielny, K."]
[Result "1/2-1/2"]
[WhiteElo "2600"]
[BlackElo "2405"]
[PlyCount "99"]
[EventDate "1983.??.??"]

1. e4 c5 2. Nf3 d6 3. d4 cxd4 4. Qxd4 Bd7 5. c4 Nc6 6. Qe3 Nf6 7. Nc3 e6 8. Be2
Be7 9. O-O O-O 10. b3 Qb8 11. Bb2 Rd8 12. Rad1 Be8 13. Ne1 a6 14. Nc2 Qa7 15.
Qg3 Rac8 16. Kh1 Qb8 17. f4 g6 18. Qh3 b5 19. cxb5 axb5 20. Bxb5 Nb4 21. Nxb4
Bxb5 22. Nd3 d5 23. exd5 Nxd5 24. Nxb5 Qxb5 25. Rc1 Nb4 26. Nxb4 Rxc1 27. Rxc1
Qe2 28. Rg1 Rd1 29. Bd4 Bxb4 30. Qe3 Rxg1+ 31. Kxg1 Qxa2 32. h3 Qb1+ 33. Kh2
Qf5 34. Qe5 Qxe5 35. fxe5 Kf8 36. Kg3 Ke7 37. Kf3 Kd7 38. Ke4 Kc6 39. Be3 Kb5
40. Kd3 Ba5 41. Bd4 Be1 42. Ke2 Ba5 43. Kd3 Bd8 44. Kc3 Bc7 45. g4 h5 46. gxh5
gxh5 47. Kd3 Kb4 48. Kc2 Bb8 49. Kb2 Bc7 50. Kc2 1/2-1/2

[Event "BL 8283 Frankfurt-Porz"]
[Site "?"]
[Date "1983.??.??"]
[Round "?.2"]
[White "Werner, D."]
[Black "Miles, A."]
[Result "0-1"]
[WhiteElo "2340"]
[BlackElo "2565"]
[PlyCount "40"]
[EventDate "1983.??.??"]

1. e4 c6 2. d4 d5 3. exd5 cxd5 4. Bd3 Nc6 5. c3 g6 6. h3 Nf6 7. Nf3 Bf5 8. Bxf5
gxf5 9. O-O e6 10. Ne5 Bd6 11. Nd3 Rg8 12. Nd2 Ne4 13. Qh5 Qf6 14. Nf3 O-O-O
15. Bf4 Qg7 16. g3 Bxf4 17. Nxf4 Nxg3 18. fxg3 Qxg3+ 19. Kh1 Qxf4 20. Qxf7 Rg6
0-1

[Event "BL 8283 Frankfurt-Porz"]
[Site "?"]
[Date "1983.??.??"]
[Round "?.3"]
[White "Marian, R."]
[Black "Haakert, J."]
[Result "1-0"]
[WhiteElo "2325"]
[BlackElo "2305"]
[PlyCount "85"]
[EventDate "1983.??.??"]

1. d4 Nf6 2. c4 g6 3. Nc3 Bg7 4. Nf3 O-O 5. g3 d6 6. Bg2 Nc6 7. O-O Bg4 8. h3
Bxf3 9. Bxf3 Nd7 10. Be3 e5 11. d5 Ne7 12. Bg2 Nf5 13. Bd2 Bh6 14. e3 a5 15.
Na4 Nc5 16. Nxc5 dxc5 17. e4 Bxd2 18. exf5 Bh6 19. Be4 Ra6 20. h4 Qf6 21. Qc2
Kh8 22. Kg2 Rb6 23. b3 a4 24. bxa4 Ra6 25. Rab1 b6 26. Rb3 Qd6 27. Rf3 Rfa8 28.
fxg6 fxg6 29. h5 Kg7 30. hxg6 hxg6 31. Rh1 Bg5 32. Bf5 Bh6 33. Qe4 Rf8 34. Qh4
gxf5 35. g4 Qf6 36. g5 Qg6 37. Rg3 Kh7 38. gxh6 Qf6 39. Rg7+ Kh8 40. Qg3 f4 41.
Qg4 Rxa4 42. Rxc7 Rg8 43. Qg7+ 1-0

[Event "BL 8283 Frankfurt-Porz"]
[Site "?"]
[Date "1983.??.??"]
[Round "?.4"]
[White "Bialas, W."]
[Black "Schmidt, B."]
[Result "1/2-1/2"]
[WhiteElo "2345"]
[BlackElo "2355"]
[PlyCount "26"]
[EventDate "1983.??.??"]

1. d4 d5 2. Nf3 Nf6 3. e3 c6 4. Bd3 Bg4 5. Nbd2 e6 6. b3 Be7 7. Bb2 O-O 8. O-O
Bf5 9. Bxf5 exf5 10. c4 Ne4 11. Ne5 Bd6 12. Ndf3 Nd7 13. cxd5 cxd5 1/2-1/2